000 01064nam a22002297a 4500
003 NALT
005 20221122141630.0
008 th tha d
020 _a9749084853
040 _aNALT
041 _atha
050 _aTT 298
_bจ251ท
100 0 _959299
_aจันทร วรากุลเทพ
245 1 0 _aเทคนิคการเพ้นท์แก้วและการเขียนลายตกแต่งกระจก /
_cจันทร วรากุลเทพ.... [และคนอื่น ๆ]
260 _aนนทบุรี :
_bซี.อาร์.เอส. ยูนิเวอร์แซล (1986),
_cม.ป.ป.
300 _a127 หน้า :
_bภาพประกอบ, ตาราง ;
_c25.5 ซม.
650 4 _aแก้ว
_959403
_xการตกแต่งและการประดับ
650 4 _aศิลปกรรมแก้ว
_959404
650 4 _aจิตรกรรมบนกระจก
_959405
850 _aNALT
942 _cGB
_2lcc
999 _c48380
_d48380
998 _j109
_k อารีรัตน์ วิชาช่าง